000 00863nam a22002897a 4500
003 CHAP
005 20220329133016.0
008 971013s1980 r 00010 d
010 _a1237
011 _a2209
035 _a1400
040 _cCHAP
082 _a464
_bD57
245 _aDiccionario de sinónimos y antónimos
260 _aEl Dorado, Panamá :
_bGéminis,
_c[1980]
300 _a316 p
500 _a40-237
590 _aBATCH-UPD
_b10
_c20130110
_lUCH01
_h1340
590 _aBATCH-UPD
_b10
_c20130410
_lUCH01
_h0841
590 _aBATCH-UPD
_b10
_c20130914
_lUCH01
_h1320
590 _aCONVERSION
_b10
_c20130109
_lUCH01
_h1302
650 1 4 _aEspañol
_xAntónimos
_xDiccionarios.
_937724
650 1 4 _aEspañol
_xSinónimos
_xDiccionarios.
_937745
901 _aBK
942 _cLIBRO
949 _a464 D57
_bBC
_cC
_d33724000930137
_eC
_gI. c/e
_h78503
_i1400
_si
999 _c1237
_d1237